| 000 | 00395nam a2200169Ia 4500 | ||
|---|---|---|---|
| 003 | GCL | ||
| 008 | 140319s9999 xx 000 0 eng d | ||
| 040 |
_aGCL / _cGCL |
||
| 082 | 0 | 4 |
_a822 _bE S |
| 100 | 1 | _aELIOT, GEORGE | |
| 245 | 1 | 0 |
_aSILAS MARNER / _cELIOT, GEORGE |
| 260 |
_a[S.N] : _bLONGMAN ، _c1994 |
||
| 300 | _a251 P | ||
| 650 | 0 | 4 | _aLITERATURE |
| 650 | 0 | 4 | _aSTORIES |
| 942 |
_2ddc _cBK |
||
| 999 |
_c24410 _d24410 |
||